000 00619nam a22002057a 4500
999 _c158202
_d158202
005 20181025161954.0
010 _aENG-124341
020 _a9789353065393
_c499.00
035 _aEN-107873
037 _bDBAD/PUB
082 _a658
100 _aDurai, Pravin
245 _aPrinciples of managment:
_cby Pravin Durai
_btext and cases /
250 _a2nd ed.
260 _aNoida
_bPearson
_c2019
270 _a15th Floor, Tower B, Worls Trade Tower, Plot No.1, Block -C
_bNoida (UP)
_e201301
300 _aix, 527p.
_c25cm.(pbk)
_bill.
500 _aIt includes index
942 _2ddc
_cEN
_h658
_mDUR